Sociologičeskije i organizacionnyje problemy meždunarodnogo sotrudničestva trudy seminara MNIIPU

Salvato in:
Dettagli Bibliografici
Natura: Libro
Lingua:russo
Pubblicazione: Moskva Meždunarodnyj naučno-issledovatel'skij institut problem upravlenija 1983
Tags: Aggiungi Tag
Nessun Tag, puoi essere il primo ad aggiungerne!!

MARC

LEADER 00000nam a2200000 4500
001 c115168
005 20041019155200.6
041 0 |a rus 
044 |a RU 
245 1 0 |a Sociologičeskije i organizacionnyje problemy meždunarodnogo sotrudničestva  |b trudy seminara MNIIPU 
264 1 |a Moskva  |b Meždunarodnyj naučno-issledovatel'skij institut problem upravlenija  |c 1983 
300 |a 91 s.